Napoleón

Uloženo v:
Podrobná bibliografie
Hlavní autor: Godechot, Jacques León (Autor)
Médium: Kniha
Jazyk:francouzština
Vydáno: París Albin Michel 1969
Edice:Le Mémorial des Siècles, 19
Témata:
Tagy: Přidat tag
Žádné tagy, Buďte první, kdo vytvoří štítek k tomuto záznamu!

MARC

LEADER 00000nam a2200000 a 4500
001 UCO0784
003 CL-VaPUC
008 000428e19690000FR |||||||||||||||||fre|d
082 0 4 |a 944.06  |b GOD  |2 21 
100 |a Godechot, Jacques León  |e author  |9 320234 
245 1 0 |a Napoleón 
300 |a 443 p 
942 |c BK 
945 |d 20000428 00:00:00  |a rherrera 
260 |a París  |b Albin Michel  |c 1969 
600 0 |a Bonaparte, Napoleón   |9 317802 
650 7 |a HISTORIA DE FRANCIA SIGLO 19  |2 CL-VaPUC  |9 345418 
650 0 |a Biografías  |9 255210 
650 0 |a Cronología   |9 268356 
651 0 |a Francia  |9 255157 
583 |a last modification  |c 20170518 01:10:45  |k Rodrigo Vera 
490 0 |a Le Mémorial des Siècles, 19 
999 |c 287431  |d 287429 
952 |0 0  |1 0  |4 0  |6 944_060000000000000_GOD_1969  |7 0  |8 A  |9 334285  |a BIBHIS  |b BIBHIS  |d 2019-11-20  |i 1266241  |o 944.06 GOD 1969  |p 1266241  |r 2025-01-20  |w 2019-11-20  |y BK  |k HIS